Catálogo

Administración financiera de inversiones 3 / (Registro nro. 10012)

Detalles MARC
000 -LEADER
fixed length control field 01227cam a2200337 i 4500
001 - CONTROL NUMBER
control field 10012
003 - CONTROL NUMBER IDENTIFIER
control field Mx-PuUPA
005 - DATE AND TIME OF LATEST TRANSACTION
control field 20251208085649.0
008 - FIXED-LENGTH DATA ELEMENTS--GENERAL INFORMATION
fixed length control field 140415s2000 mx gr 000 0 spa d
020 ## - INTERNATIONAL STANDARD BOOK NUMBER
International Standard Book Number 9686478124
020 ## - INTERNATIONAL STANDARD BOOK NUMBER
International Standard Book Number 9789686478129
040 ## - CATALOGING SOURCE
Original cataloging agency Mx-PuUPA
Language of cataloging spa
Transcribing agency Mx-PuUPA
Modifying agency Mx-PuUPA
Description conventions rda
041 0# - LANGUAGE CODE
Language code of text/sound track or separate title spa
043 ## - GEOGRAPHIC AREA CODE
Geographic area code n-mx---
100 1# - MAIN ENTRY--PERSONAL NAME
Personal name Perdomo Moreno, Abraham,
9 (RLIN) 14485
Relator term autor
245 10 - TITLE STATEMENT
Title Administración financiera de inversiones 3 /
Statement of responsibility, etc. Abrahám Perdomo Moreno
246 38 - VARYING FORM OF TITLE
Title proper/short title Inversiones 3
250 ## - EDITION STATEMENT
Edition statement Primera edición
264 #1 - PRODUCTION, PUBLICATION, DISTRIBUTION, MANUFACTURE, AND COPYRIGHT NOTICE
Place of production, publication, distribution, manufacture Puebla, Pue. México :
Name of producer, publisher, distributor, manufacturer Ediciones PEMA,
Date of production, publication, distribution, manufacture, or copyright notice 2000
300 ## - PHYSICAL DESCRIPTION
Extent 242 páginas :
Other physical details cálculos, tablas ;
Dimensions 22 cm
336 ## - CONTENT TYPE
Fuente rdacontent
Content type term texto
Content type code txt
337 ## - MEDIA TYPE
Source rdamedia
Media type term sin medio
Media type code n
338 ## - CARRIER TYPE
Source rdacarrier
Carrier type term volumen
Carrier type code nc
490 0# - SERIES STATEMENT
Series statement Administración financiera ;
Volume/sequential designation 3
500 ## - GENERAL NOTE
General note "Inversión en mercados de capitales, de dinero, de metales amonedados, globalización económica y tratados de libre comercio."-- Cubierta
650 #7 - SUBJECT ADDED ENTRY--TOPICAL TERM
Source of heading or term armarc
Topical term or geographic name entry element Administración financiera
650 #7 - SUBJECT ADDED ENTRY--TOPICAL TERM
Source of heading or term armarc
Topical term or geographic name entry element Administración financiera
General subdivision Inversiones
Geographic subdivision México
942 ## - ADDED ENTRY ELEMENTS (KOHA)
Source of classification or shelving scheme Dewey Decimal Classification
Koha item type Libro
Classification part 658.150972
Item part P42
Existencias
Withdrawn status Lost status Source of classification or shelving scheme Damaged status Not for loan Collection code Home library Current library Shelving location Date acquired Source of acquisition Serial Enumeration / chronology Total Checkouts Full call number Barcode Date last seen Price effective from Koha item type
    Dewey Decimal Classification     General Biblioteca Karol Wojtyla Biblioteca Karol Wojtyla Sala general 03/12/2013 Compra v.3   658.150972 P42 2000 24664 19/01/2026 03/12/2013 Libro